Fruits: A-Z - Statistics

General Stats
  • This quiz has been taken 71 times
  • The average score is 16 of 22
Answer Stats
Picture Answer % Correct
A{pple}
100%
B{lackberry}
95%
C{oconut}
95%
M{ango}
95%
G{rapefruit}
93%
R{aspberry}
93%
O{range}
91%
D{ragonfruit}
88%
L{ime}
88%
P{ineapple}
88%
F{ig}
86%
N{ectarine}
83%
S{tarfruit}
79%
K{iwi} {fruit}
76%
Z{ucchini}
74%
J{ackfruit}
72%
E{lderberry}
66%
Q{uince}
66%
Y{uzu}
38%
T{angelo}
29%
W{hite} {currant}
24%
H{oneyberry}
16%
No matching quizzes found
Score Distribution
Percent of People with Each Score
Percentile by Number Answered
Your Score History
You have not taken this quiz